[Event "Manny Pacquiao op"]
[Site "General Santos City"]
[Date "2022.12.15"]
[Round "6"]
[White "Villanueva, Nelson"]
[Black "Elorta, David"]
[Result "1-0"]
[WhiteElo "2145"]
[BlackElo "2274"]
[PlyCount "49"]
[EventDate "2022.12.13"]
[EventType "swiss"]
[EventRounds "9"]
[EventCountry "PHI"]
[SourceTitle "EXT 2024"]
[Source "ChessBase"]
[SourceDate "2023.10.10"]
[SourceVersion "1"]
[SourceVersionDate "2023.10.10"]
[SourceQuality "1"]

1. e4 c6 2. d4 d5 3. Nd2 dxe4 4. Nxe4 Nf6 5. Nxf6+ gxf6 6. Nf3 Bg4 7. Be2 Nd7 8. Bf4 Qb6 9. 0-0 0-0-0 10. Bg3 e5 11. dxe5 Bxf3 12. Bxf3 fxe5 13. Bg4 f6 14. Qf3 Be7 15. Rad1 h5 16. Bxd7+ Rxd7 17. Rxd7 Kxd7 18. Qf5+ Ke8 19. Rd1 Rh6 20. Qe6 c5 21. Qg8+ Bf8 22. Bf4 exf4 23. Re1+ Kd7 24. Qf7+ Kc6 25. Qxf8 1-0

[Event "Manny Pacquiao op"]
[Site "General Santos City"]
[Date "2022.12.14"]
[Round "3"]
[White "Elorta, David"]
[Black "Leysa, Ferdinand"]
[Result "1/2-1/2"]
[WhiteElo "2274"]
[BlackElo "2039"]
[PlyCount "99"]
[EventDate "2022.12.13"]
[EventType "swiss"]
[EventRounds "9"]
[EventCountry "PHI"]
[SourceTitle "EXT 2024"]
[Source "ChessBase"]
[SourceDate "2023.10.10"]
[SourceVersion "1"]
[SourceVersionDate "2023.10.10"]
[SourceQuality "1"]

1. d4 Nf6 2. Nf3 g6 3. Bf4 Bg7 4. Nbd2 0-0 5. e4 d6 6. c3 b6 7. Bd3 c5 8. Qe2 Bb7 9. 0-0 Nbd7 10. h3 cxd4 11. cxd4 e5 12. Bh2 Qe7 13. Nc4 Nh5 14. Rfe1 Rac8 15. Rac1 Bh6 16. Rc2 Nf4 17. Bxf4 Bxf4 18. Ne3 exd4 19. Nxd4 Nf6 20. Ng4 Nxg4 21. hxg4 Rxc2 22. Bxc2 Qf6 23. Rd1 Be5 24. Nb5 Ba6 25. Bd3 Bxb5 26. Bxb5 Rc8 27. b3 Rc3 28. Bd3 Qh4 29. Qf3 Kg7 30. Kf1 Qg5 31. g3 Rc1 32. Bc4 Rxd1+ 33. Qxd1 Qf6 34. Kg2 g5 35. Qd5 a5 36. a3 h6 37. Qd2 Bc3 38. Qe2 Bd4 39. Bd5 Bc5 40. a4 Bd4 41. Bc4 Bc3 42. Qd3 Bb2 43. Qd5 Bc3 44. Qd3 Bb2 45. Bd5 Ba1 46. Bc6 Bb2 47. Be8 Ba1 48. Qd5 Bb2 49. Bb5 Bc3 50. Bc4 1/2-1/2

[Event "Manny Pacquiao op"]
[Site "General Santos City"]
[Date "2022.12.14"]
[Round "4"]
[White "Verdun, Xavier John"]
[Black "Elorta, David"]
[Result "1/2-1/2"]
[WhiteElo "2175"]
[BlackElo "2274"]
[PlyCount "90"]
[EventDate "2022.12.13"]
[EventType "swiss"]
[EventRounds "9"]
[EventCountry "PHI"]
[SourceTitle "EXT 2024"]
[Source "ChessBase"]
[SourceDate "2023.10.10"]
[SourceVersion "1"]
[SourceVersionDate "2023.10.10"]
[SourceQuality "1"]

1. e4 b6 2. d4 Bb7 3. Nc3 e6 4. a3 Nf6 5. e5 Nd5 6. Nxd5 Bxd5 7. Nf3 Be7 8. Bd3 d6 9. 0-0 Nd7 10. Re1 0-0 11. Bd2 c5 12. c3 cxd4 13. cxd4 dxe5 14. dxe5 Nc5 15. Bc2 Bxf3 16. gxf3 Nd3 17. Re4 Bc5 18. Be3 Bxe3 19. Qxd3 Qxd3 20. Bxd3 Bh6 21. Kf1 Rfd8 22. Ke2 Rac8 23. f4 g6 24. Rd1 Bf8 25. Bc4 Rxd1 26. Kxd1 Bc5 27. Ke2 Rd8 28. f3 Bd4 29. b3 Bc3 30. Bd3 b5 31. h3 a6 32. a4 Rd5 33. axb5 axb5 34. Re3 b4 35. Re4 Ra5 36. Rc4 Ra2+ 37. Ke3 Rh2 38. Bf1 Bd2+ 39. Kd3 Bc3 40. Ke3 Kg7 41. Rc7 Bd2+ 42. Ke4 Rh1 43. Bc4 Re1+ 44. Kd3 Bxf4 45. Bxe6 Re3+ 1/2-1/2

[Event "Tanglin op"]
[Site "Singapore"]
[Date "2022.06.02"]
[Round "9"]
[White "Tan, Zhong Kai"]
[Black "Elorta, David"]
[Result "1/2-1/2"]
[WhiteElo "1912"]
[BlackElo "2270"]
[PlyCount "155"]
[EventDate "2022.05.28"]
[EventType "swiss"]
[EventRounds "9"]
[EventCountry "SIN"]
[SourceTitle "CBM 208 Extra"]
[Source "ChessBase"]
[SourceDate "2022.07.31"]
[SourceVersion "1"]
[SourceVersionDate "2022.07.31"]
[SourceQuality "1"]

1. e4 c6 2. d4 d5 3. exd5 cxd5 4. Bd3 Nc6 5. c3 g6 6. Nf3 Bf5 7. Ne5 Nxe5 8. dxe5 Bxd3 9. Qxd3 e6 10. Nd2 Bg7 11. Nf3 Ne7 12. Bg5 Qc7 13. Bxe7 Qxe7 14. 0-0 0-0 15. Rfe1 Rfc8 16. Re2 Rc4 17. Nd4 Qc5 18. f4 b5 19. a3 a5 20. Re3 Rc8 21. b3 Rxc3 22. Qxc3 Qxc3 23. Rxc3 Rxc3 24. b4 axb4 25. axb4 Bf8 26. Nxb5 Rc4 27. Nd6 Rxb4 28. Ra8 Rxf4 29. Rc8 d4 30. Rc4 f6 31. g3 Rf3 32. Rxd4 fxe5 33. Rd2 h6 34. Kg2 Rb3 35. Ne4 Be7 36. Rd7 Kf8 37. Ra7 Re3 38. Ra4 Re2+ 39. Kh3 h5 40. Nc3 Rd2 41. Ra2 Rxa2 42. Nxa2 Kf7 43. Kg2 Kf6 44. Kf3 Kf5 45. Nc3 g5 46. h3 g4+ 47. hxg4+ hxg4+ 48. Ke3 Bg5+ 49. Kd3 e4+ 50. Nxe4 Be7 51. Ke3 Ke5 52. Kd3 Bd6 53. Nf2 Kf5 54. Ne4 Bc7 55. Ke3 Bb8 56. Kd3 Ba7 57. Nc3 Bc5 58. Ne4 Bb4 59. Ke3 Ke5 60. Kd3 Be1 61. Ke3 Ba5 62. Kd3 Bb6 63. Nc3 Bd4 64. Ne4 Kd5 65. Nd2 e5 66. Ne4 Ke6 67. Ng5+ Kf5 68. Ne4 Bb6 69. Nd6+ Ke6 70. Ne4 Bd8 71. Nf2 Kf5 72. Ne4 Be7 73. Nf2 Ba3 74. Ne4 Bb4 75. Ke3 Bf8 76. Kd3 Bh6 77. Nd6+ Ke6 78. Ne4 1/2-1/2

[Event "Tanglin op"]
[Site "Singapore"]
[Date "2022.06.01"]
[Round "7"]
[White "Wong, Zhenyong Jayden"]
[Black "Elorta, David"]
[Result "0-1"]
[WhiteElo "2216"]
[BlackElo "2270"]
[PlyCount "104"]
[EventDate "2022.05.28"]
[EventType "swiss"]
[EventRounds "9"]
[EventCountry "SIN"]
[SourceTitle "CBM 208 Extra"]
[Source "ChessBase"]
[SourceDate "2022.07.31"]
[SourceVersion "1"]
[SourceVersionDate "2022.07.31"]
[SourceQuality "1"]

1. d4 c5 2. d5 Nf6 3. c4 e6 4. Nc3 exd5 5. cxd5 d6 6. e4 g6 7. h3 Bg7 8. Nf3 0-0 9. Bd3 Re8 10. 0-0 c4 11. Bxc4 Nxe4 12. Nxe4 Rxe4 13. Bg5 Bf6 14. Bd3 Re8 15. Qd2 Nd7 16. Rfe1 Ne5 17. Bxf6 Qxf6 18. Nxe5 dxe5 19. Qb4 Rd8 20. Bc4 a6 21. Rad1 Qf4 22. Qc3 Bxh3 23. Bb3 Bd7 24. Qxe5 Qxe5 25. Rxe5 Re8 26. f4 Kf8 27. Kf2 f6 28. Rxe8+ Rxe8 29. Rh1 h5 30. Rc1 Ke7 31. Rc7 Rb8 32. Ba4 b5 33. Bc2 f5 34. Ra7 Rb6 35. Ke3 Kd6 36. Kd4 Be8 37. b4 Bd7 38. g3 Be8 39. a3 Bd7 40. Bb3 Be8 41. Ra8 Bf7 42. Ra7 Be8 43. Ra8 Bf7 44. Ba2 Kd7 45. Ke5 Rb7 46. Kf6 Rc7 47. Kxf7 Rc2 48. Ra7+ Kc8 49. Rxa6 Rxa2 50. Kxg6 Rg2 51. Kxf5 Rxg3 52. Ke6 Rg6+ 0-1

[Event "Tanglin op"]
[Site "Singapore"]
[Date "2022.05.31"]
[Round "5"]
[White "Sivakumar, Ashvin"]
[Black "Elorta, David"]
[Result "0-1"]
[WhiteElo "2200"]
[BlackElo "2270"]
[PlyCount "98"]
[EventDate "2022.05.28"]
[EventType "swiss"]
[EventRounds "9"]
[EventCountry "SIN"]
[SourceTitle "CBM 208 Extra"]
[Source "ChessBase"]
[SourceDate "2022.07.31"]
[SourceVersion "1"]
[SourceVersionDate "2022.07.31"]
[SourceQuality "1"]

1. d4 d5 2. c4 c6 3. Nc3 Nf6 4. cxd5 cxd5 5. Bf4 Nc6 6. e3 a6 7. Rc1 Qb6 8. Qd2 Bf5 9. Nge2 e6 10. Ng3 Bg6 11. Be2 Be7 12. 0-0 h5 13. Na4 Qd8 14. Bd3 h4 15. Ne2 Bxd3 16. Qxd3 h3 17. g3 Qa5 18. Qb3 Qb5 19. Qd1 Nd7 20. Bc7 a5 21. Nec3 Qa6 22. Qe2 Qxe2 23. Nxe2 g5 24. f3 0-0 25. Nec3 f5 26. Nb5 Kf7 27. a3 Na7 28. Nac3 Nxb5 29. Nxb5 Ra6 30. Kf2 Rc8 31. Ke2 Rc6 32. Kd2 a4 33. Rfe1 g4 34. fxg4 fxg4 35. Bf4 Nb6 36. Rxc6 Rxc6 37. Nc3 Nc4+ 38. Kc2 b5 39. Re2 b4 40. axb4 Bxb4 41. Nxa4 Nd2+ 42. Kd1 Ne4 43. Rc2 Rxc2 44. Kxc2 Be1 45. Nc3 Bxg3 46. Nxe4 Bxf4 47. Nf2 Bxh2 48. Nxg4 Bg3 49. Kd3 h2 0-1

[Event "Tanglin op"]
[Site "Singapore"]
[Date "2022.05.30"]
[Round "4"]
[White "Elorta, David"]
[Black "Hng, Mei En Emmanuelle"]
[Result "1-0"]
[WhiteElo "2270"]
[BlackElo "2000"]
[PlyCount "125"]
[EventDate "2022.05.28"]
[EventType "swiss"]
[EventRounds "9"]
[EventCountry "SIN"]
[SourceTitle "CBM 208 Extra"]
[Source "ChessBase"]
[SourceDate "2022.07.31"]
[SourceVersion "1"]
[SourceVersionDate "2022.07.31"]
[SourceQuality "1"]

1. d4 Nf6 2. Nf3 e6 3. Bf4 c5 4. c3 Nc6 5. e3 Be7 6. h3 b6 7. Nbd2 0-0 8. Bd3 Bb7 9. 0-0 cxd4 10. exd4 Nd5 11. Bh2 f5 12. a3 Bf6 13. Nc4 Ba6 14. Nd6 Bxd3 15. Qxd3 Nde7 16. c4 Ng6 17. Rfe1 f4 18. b4 a6 19. Rad1 Qc7 20. c5 Nce7 21. Nd2 Nd5 22. N2c4 Rab8 23. Rc1 Be7 24. Ne4 a5 25. cxb6 Nxb6 26. Nxa5 Qd8 27. Nc3 Nd5 28. Nxd5 exd5 29. Qf3 Rf5 30. Kh1 Nh4 31. Qd3 Bd6 32. f3 Qg5 33. Re2 Rf6 34. Nb3 Re6 35. Qd2 Rbe8 36. Rxe6 Rxe6 37. Nc5 Rg6 38. Rg1 Qh5 39. Qe2 Bxc5 40. bxc5 Re6 41. Qd2 g5 42. Qa2 g4 43. fxg4 Qg5 44. Qf2 Re4 45. Rf1 Ng6 46. a4 Qf6 47. Bg1 Qa6 48. Ra1 Qa5 49. Qa2 Ne7 50. Bf2 Kf7 51. Kg1 Ke6 52. Qb2 Nc6 53. g5 Kf5 54. h4 Qa6 55. Qb3 Ke6 56. Qh3+ Ke7 57. Qf5 Qc4 58. Qf6+ Ke8 59. Rb1 Re6 60. Qh8+ Ke7 61. Rb7 Nd8 62. Rb8 Qc1+ 63. Kh2 1-0

[Event "ASEAN-ch 4th"]
[Site "Bac Giang"]
[Date "2019.10.26"]
[Round "2"]
[White "Elorta, David"]
[Black "Tong, Thai Hung"]
[Result "1/2-1/2"]
[WhiteElo "2283"]
[BlackElo "2202"]
[PlyCount "92"]
[EventDate "2019.10.25"]
[EventType "swiss"]
[EventRounds "9"]
[EventCountry "VIE"]
[SourceTitle "CBM 192 Extra"]
[Source "Chessbase"]
[SourceDate "2019.11.06"]
[SourceVersion "1"]
[SourceVersionDate "2019.11.06"]
[SourceQuality "1"]

1. d4 d5 2. Bf4 c5 3. c3 Nc6 4. e3 Bf5 5. Qb3 Qd7 6. Nf3 e6 7. Bb5 a6 8. Ne5 Qc8 9. Bxc6+ bxc6 10. Qa4 cxd4 11. exd4 Ne7 12. 0-0 f6 13. Nf3 g5 14. Bd6 Kf7 15. Nbd2 h5 16. Nb3 h4 17. Rfe1 Ng6 18. Bxf8 Rxf8 19. c4 Nf4 20. cxd5 cxd5 21. Rac1 Qe8 22. Rc7+ Kg6 23. Qxe8+ Rfxe8 24. Nc5 Bg4 25. g3 hxg3 26. fxg3 Nh3+ 27. Kg2 Rec8 28. Rxc8 Rxc8 29. b4 Rc6 30. a4 Bf5 31. Re3 Kf7 32. b5 axb5 33. axb5 Rb6 34. Rb3 g4 35. Nd2 e5 36. Na4 Rb8 37. b6 Bc2 38. Kf1 Ng5 39. dxe5 fxe5 40. Rb4 Bxa4 41. Rxa4 Rxb6 42. Rxg4 Kf6 43. h4 Ne6 44. Rg8 e4 45. h5 Kf7 46. Rg4 Nc5 1/2-1/2

[Event "ASEAN-ch 4th"]
[Site "Bac Giang"]
[Date "2019.10.25"]
[Round "1"]
[White "Ngo, Duc Tri"]
[Black "Elorta, David"]
[Result "1/2-1/2"]
[WhiteElo "2062"]
[BlackElo "2283"]
[PlyCount "71"]
[EventDate "2019.10.25"]
[EventType "swiss"]
[EventRounds "9"]
[EventCountry "VIE"]
[SourceTitle "CBM 192 Extra"]
[Source "Chessbase"]
[SourceDate "2019.11.06"]
[SourceVersion "1"]
[SourceVersionDate "2019.11.06"]
[SourceQuality "1"]

1. e4 d5 2. exd5 Qxd5 3. Nc3 Qd6 4. d4 Nf6 5. Nf3 Bg4 6. h3 Bh5 7. g4 Bg6 8. Ne5 c6 9. Bf4 Nd5 10. Nxd5 Qxd5 11. f3 Nd7 12. Nxg6 hxg6 13. c4 Qa5+ 14. Qd2 Qxd2+ 15. Bxd2 e5 16. dxe5 Nxe5 17. Kf2 Bc5+ 18. Kg3 0-0-0 19. Bc3 Bd4 20. Bxd4 Rxd4 21. Re1 Nd7 22. f4 Nc5 23. Re7 Rf8 24. b3 Kd8 25. Re1 Ne4+ 26. Kf3 Re8 27. Re3 g5 28. Rd3 c5 29. Rh2 gxf4 30. Kxf4 Re6 31. Rxd4+ cxd4 32. g5 Nc3 33. b4 Re4+ 34. Kf3 Re3+ 35. Kg4 Kd7 36. Rd2 1/2-1/2

[Event "Quezon City Puregold op"]
[Site "Quezon City"]
[Date "2014.12.16"]
[Round "4"]
[White "Elorta, David"]
[Black "Mozharov, Mikhail"]
[Result "1/2-1/2"]
[WhiteElo "2298"]
[BlackElo "2557"]
[PlyCount "101"]
[EventDate "2014.12.14"]
[EventType "swiss"]
[EventRounds "9"]
[EventCountry "PHI"]
[SourceTitle "EXT 2016"]
[Source "ChessBase"]
[SourceDate "2015.10.08"]
[SourceVersion "1"]
[SourceVersionDate "2015.10.08"]
[SourceQuality "1"]

1. d4 Nf6 2. Nf3 g6 3. Bf4 Bg7 4. c3 d6 5. e3 Nh5 6. Bg5 h6 7. Bh4 g5 8. Nfd2 Nf6 9. Bg3 Nc6 10. Bd3 e6 11. 0-0 Qe7 12. b4 a6 13. Na3 e5 14. b5 axb5 15. Nxb5 0-0 16. Re1 Ne8 17. f4 f5 18. fxg5 hxg5 19. Bc4+ Kh7 20. a4 Bh6 21. Bd3 e4 22. Bb1 Na5 23. c4 Be6 24. Qe2 Bf7 25. Bc2 Bg6 26. Rf1 Ng7 27. c5 dxc5 28. Bxc7 cxd4 29. exd4 Rfc8 30. Bd6 Qe6 31. Bb1 Rc6 32. Be5 g4 33. Ra3 Qe7 34. Rc3 Rxc3 35. Nxc3 Nc6 36. Nd5 Qg5 37. Nc4 Nxe5 38. dxe5 Nh5 39. a5 Bf8 40. g3 Rc8 41. Nd6 Rc1 42. Qe3 Rxf1+ 43. Kxf1 Qd8 44. Qb6 Qg5 45. Qxb7+ Bg7 46. Qb2 Qd8 47. Qb6 Qd7 48. Qc5 Qe6 49. Nf4 Nxf4 50. gxf4 Qb3 51. Qc7 1/2-1/2

[Event "Quezon City Puregold op"]
[Site "Quezon City"]
[Date "2014.12.14"]
[Round "1"]
[White "Pantsulaia, Levan"]
[Black "Elorta, David"]
[Result "1-0"]
[WhiteElo "2583"]
[BlackElo "2298"]
[PlyCount "51"]
[EventDate "2014.12.14"]
[EventType "swiss"]
[EventRounds "9"]
[EventCountry "PHI"]
[SourceTitle "EXT 2016"]
[Source "ChessBase"]
[SourceDate "2015.10.08"]
[SourceVersion "1"]
[SourceVersionDate "2015.10.08"]
[SourceQuality "1"]

1. Nf3 d5 2. c4 c6 3. g3 Nf6 4. Bg2 a6 5. 0-0 Bf5 6. cxd5 cxd5 7. Qb3 b5 8. Nd4 Bxb1 9. Rxb1 e6 10. d3 Bc5 11. Qc3 Bb6 12. Bf4 0-0 13. Rbc1 Qe7 14. Be5 Nfd7 15. Bxg7 b4 16. Bxf8 Qxf8 17. Nxe6 fxe6 18. Qd2 Ra7 19. Bh3 Qd6 20. Qh6 Nf8 21. Rc8 Bd8 22. Rfc1 Rf7 23. d4 Qb6 24. e3 Rf6 25. Qh5 Kg7 26. Qe8 1-0

[Event "Quezon City op"]
[Site "Quezon City"]
[Date "2014.12.09"]
[Round "6"]
[White "Pimentel, Joel"]
[Black "Elorta, David"]
[Result "1/2-1/2"]
[WhiteElo "2265"]
[BlackElo "2298"]
[PlyCount "108"]
[EventDate "2014.12.06"]
[EventType "swiss"]
[EventRounds "10"]
[EventCountry "PHI"]
[SourceTitle "CBM 163 Extra"]
[Source "ChessBase"]
[SourceDate "2014.12.23"]
[SourceVersion "1"]
[SourceVersionDate "2014.12.23"]
[SourceQuality "1"]

1. d4 d5 2. c4 e6 3. Nf3 Nf6 4. Nc3 Be7 5. Bg5 0-0 6. e3 a6 7. Qc2 h6 8. Bh4 dxc4 9. a4 b6 10. Bxc4 Bb7 11. 0-0 Nc6 12. Rad1 Nb4 13. Qe2 Ne4 14. Bxe7 Qxe7 15. Ne5 Rfd8 16. f4 g6 17. f5 gxf5 18. Qh5 Kg7 19. Rf3 Rg8 20. Nxe4 Bxe4 21. Rg3+ Kh7 22. Nxf7 Qf6 23. Rf1 Nc2 24. Rf4 Rxg3 25. hxg3 Rg8 26. Kf2 c5 27. Rh4 Rg6 28. Ne5 Rg7 29. dxc5 bxc5 30. a5 Nb4 31. Nf3 Qxb2+ 32. Kg1 Qf6 33. Kh2 Bd5 34. Be2 Qg6 35. Qxg6+ Rxg6 36. Ne5 Rg7 37. g4 fxg4 38. Nxg4 Rg6 39. g3 Kg7 40. e4 Bb7 41. Ne5 Rf6 42. Kg1 Bc8 43. Rh5 Rf8 44. Nc4 Bd7 45. Rxc5 Bb5 46. Rc7+ Kf6 47. e5+ Kf5 48. Nd6+ Kxe5 49. Nxb5 axb5 50. Rc5+ Kd6 51. Rxb5 Nc6 52. a6 Nd4 53. Rb2 Nxe2+ 54. Rxe2 Rf3 1/2-1/2

[Event "Manila PSC Cup"]
[Site "Manila"]
[Date "2013.01.20"]
[Round "9"]
[White "Nadera, Barlo A"]
[Black "Elorta, David"]
[Result "1/2-1/2"]
[WhiteElo "2392"]
[BlackElo "2343"]
[PlyCount "58"]
[EventDate "2013.01.14"]
[EventType "swiss"]
[EventRounds "9"]
[EventCountry "PHI"]
[SourceTitle "EXT 2014"]
[Source "ChessBase"]
[SourceDate "2013.11.20"]
[SourceVersion "1"]
[SourceVersionDate "2013.11.20"]
[SourceQuality "1"]

1. d4 d5 2. Nf3 c6 3. e3 Nf6 4. c4 a6 5. Nc3 b5 6. b3 Bf5 7. Ne5 h5 8. Be2 e6 9. 0-0 Bd6 10. f4 Ra7 11. Bd2 g6 12. c5 Bc7 13. b4 0-0 14. a4 Rb7 15. axb5 axb5 16. Ra2 Ne4 17. Be1 f6 18. Nd3 Qe7 19. Nxe4 Bxe4 20. Nf2 Bf5 21. Bd3 Nd7 22. Ra6 Nb8 23. Ra3 Nd7 24. Ra6 Nb8 25. Ra3 Nd7 26. Qc2 Kg7 27. Ra6 Nb8 28. Ra3 Nd7 29. Ra6 Nb8 1/2-1/2

[Event "Manila PSC Cup"]
[Site "Manila"]
[Date "2013.01.15"]
[Round "3"]
[White "Laylo, Darwin"]
[Black "Elorta, David"]
[Result "1-0"]
[WhiteElo "2491"]
[BlackElo "2343"]
[PlyCount "47"]
[EventDate "2013.01.14"]
[EventType "swiss"]
[EventRounds "9"]
[EventCountry "PHI"]
[SourceTitle "CBM 152 Extra"]
[Source "ChessBase"]
[SourceDate "2013.02.25"]
[SourceVersion "1"]
[SourceVersionDate "2013.02.25"]
[SourceQuality "1"]

1. d4 d5 2. c4 c6 3. Nf3 Nf6 4. e3 Bf5 5. Nc3 e6 6. Nh4 Bg4 7. Qb3 Qb6 8. h3 Bh5 9. g4 Bg6 10. Nxg6 hxg6 11. Bg2 Nbd7 12. g5 Ng8 13. e4 dxe4 14. Nxe4 Rh4 15. 0-0 0-0-0 16. Be3 Qxb3 17. axb3 a6 18. Rfd1 f6 19. d5 cxd5 20. cxd5 e5 21. Ba7 Re8 22. Rac1+ Kd8 23. d6 Re6 24. Nc5 1-0

[Event "Manila Campomanes Memorial op"]
[Site "Manila"]
[Date "2010.08.31"]
[Round "5"]
[White "Elorta, David"]
[Black "Haznedaroglu, Kivanc"]
[Result "1-0"]
[WhiteElo "2363"]
[BlackElo "2501"]
[PlyCount "75"]
[EventDate "2010.08.28"]
[EventType "swiss"]
[EventRounds "9"]
[EventCountry "PHI"]
[SourceTitle "CBM 138 Extra"]
[Source "ChessBase"]
[SourceDate "2010.10.29"]
[SourceVersion "1"]
[SourceVersionDate "2010.10.29"]
[SourceQuality "1"]

1. Nf3 d5 2. d4 Nf6 3. Bf4 c5 4. c3 Nc6 5. a3 Qb6 6. b4 cxd4 7. cxd4 a5 8. b5 Na7 9. Nc3 Bf5 10. Na4 Qd8 11. b6 Nc6 12. Bc7 Qc8 13. Qb3 Bd7 14. Rc1 e6 15. e3 Be7 16. Ne5 Nxe5 17. dxe5 Ng4 18. Rc3 0-0 19. h3 Nh6 20. Bd3 Qe8 21. Nc5 Bc6 22. 0-0 a4 23. Qc2 g6 24. g4 Ra5 25. Rb1 Bd8 26. Na6 Bb5 27. Rxb5 Rxb5 28. Bxd8 Qxd8 29. Bxb5 bxa6 30. b7 Qb6 31. Bc6 Kg7 32. Qxa4 Rb8 33. Rb3 Qc7 34. Qxa6 Qxe5 35. Qb6 Ng8 36. Qd4 Qxd4 37. exd4 Ne7 38. Bd7 1-0

[Event "Manila Campomanes Memorial op"]
[Site "Manila"]
[Date "2010.08.30"]
[Round "4"]
[White "Elorta, David"]
[Black "Bhagwat, Vinod"]
[Result "1-0"]
[WhiteElo "2363"]
[BlackElo "2175"]
[PlyCount "79"]
[EventDate "2010.08.28"]
[EventType "swiss"]
[EventRounds "9"]
[EventCountry "PHI"]
[SourceTitle "CBM 138 Extra"]
[Source "ChessBase"]
[SourceDate "2010.10.29"]
[SourceVersion "1"]
[SourceVersionDate "2010.10.29"]
[SourceQuality "1"]

1. Nf3 d5 2. b4 Nf6 3. Bb2 c6 4. e3 Bf5 5. c4 dxc4 6. Bxc4 e6 7. Qb3 Be7 8. 0-0 0-0 9. a4 Nbd7 10. a5 a6 11. d4 Be4 12. Nfd2 Bd5 13. Nc3 Bxc4 14. Nxc4 Nd5 15. Na4 Qc7 16. Nc5 N7f6 17. f3 Rae8 18. e4 Nf4 19. g3 Ng6 20. Qe3 h6 21. Rad1 Nh7 22. f4 Rd8 23. Rd2 Rfe8 24. e5 Bf8 25. g4 Ne7 26. Rg2 Nd5 27. Qe1 b5 28. axb6 Nxb6 29. Ne3 Bxc5 30. bxc5 Nd5 31. Nc4 Rb8 32. Nd6 Rf8 33. g5 hxg5 34. fxg5 Rb3 35. Bc1 Rh3 36. Rgf2 Rh5 37. Rxf7 Rxf7 38. Rxf7 Qd8 39. h4 Nxg5 40. hxg5 1-0

[Event "Manila Campomanes Memorial op"]
[Site "Manila"]
[Date "2010.08.29"]
[Round "2"]
[White "Elorta, David"]
[Black "Bagamasbad, Efren"]
[Result "0-1"]
[WhiteElo "2363"]
[BlackElo "2259"]
[PlyCount "54"]
[EventDate "2010.08.28"]
[EventType "swiss"]
[EventRounds "9"]
[EventCountry "PHI"]
[SourceTitle "CBM 138 Extra"]
[Source "ChessBase"]
[SourceDate "2010.10.29"]
[SourceVersion "1"]
[SourceVersionDate "2010.10.29"]
[SourceQuality "1"]

1. Nf3 Nf6 2. b4 e6 3. a3 d5 4. e3 c5 5. bxc5 Bxc5 6. d4 Be7 7. c4 0-0 8. Nc3 b6 9. cxd5 exd5 10. Bd3 Bb7 11. 0-0 Nbd7 12. Ne5 Nxe5 13. dxe5 Ne4 14. Bb2 Rc8 15. Ne2 Re8 16. Nf4 Bf8 17. Qg4 Qg5 18. Qh3 g6 19. e6 f5 20. Bb5 Re7 21. Rad1 Rc2 22. Ba1 Nc3 23. Bxc3 Rxc3 24. Rxd5 Qxf4 25. Rd7 Qe5 26. Qh4 Qxe6 27. Qd4 Qe4 0-1

[Event "Manila Campomanes Memorial op"]
[Site "Manila"]
[Date "2010.08.28"]
[Round "1"]
[White "Sandipan, Chanda"]
[Black "Elorta, David"]
[Result "1-0"]
[WhiteElo "2637"]
[BlackElo "2363"]
[PlyCount "73"]
[EventDate "2010.08.28"]
[EventType "swiss"]
[EventRounds "9"]
[EventCountry "PHI"]
[SourceTitle "CBM 138 Extra"]
[Source "ChessBase"]
[SourceDate "2010.10.29"]
[SourceVersion "1"]
[SourceVersionDate "2010.10.29"]
[SourceQuality "1"]

1. d4 d5 2. c4 Nf6 3. cxd5 c6 4. dxc6 Nxc6 5. Nf3 e5 6. dxe5 Qxd1+ 7. Kxd1 Ne4 8. Be3 Bf5 9. Nbd2 Rd8 10. a3 g5 11. Ke1 g4 12. Nxe4 Bxe4 13. Nd2 Bd5 14. Bf4 Bg7 15. e4 Be6 16. Bb5 Bd7 17. Bxc6 Bxc6 18. h3 Rd4 19. hxg4 Bxe4 20. Be3 Ra4 21. f3 Bd3 22. f4 f6 23. Rc1 fxe5 24. Rc8+ Kd7 25. Rxh8 Bxh8 26. f5 Ke8 27. Rxh7 Bf6 28. Rh6 Kf7 29. Rg6 e4 30. g5 Bxb2 31. Rd6 Ke7 32. Rh6 Ra5 33. g4 Bc3 34. Rh7+ Kd6 35. f6 Rxa3 36. f7 Ra1+ 37. Kf2 1-0

[Event "Manila Pichay Cup 6th"]
[Site "Manila"]
[Date "2010.08.26"]
[Round "9"]
[White "Sadikin The, Irwanto"]
[Black "Elorta, David"]
[Result "1/2-1/2"]
[WhiteElo "2419"]
[BlackElo "2363"]
[PlyCount "60"]
[EventDate "2010.08.21"]
[EventType "swiss"]
[EventRounds "9"]
[EventCountry "PHI"]
[SourceTitle "CBM 138 Extra"]
[Source "ChessBase"]
[SourceDate "2010.10.29"]
[SourceVersion "1"]
[SourceVersionDate "2010.10.29"]
[SourceQuality "1"]

1. d4 d5 2. Nf3 Nf6 3. c4 e6 4. Nc3 Be7 5. Bg5 c6 6. e3 0-0 7. Qc2 Nbd7 8. Bd3 dxc4 9. Bxc4 b5 10. Be2 Bb7 11. 0-0 Rc8 12. Rfd1 a6 13. Ne5 Re8 14. Nxd7 Nxd7 15. Bxe7 Qxe7 16. Bf3 Rc7 17. Rac1 Rec8 18. a3 c5 19. Bxb7 Rxb7 20. dxc5 Rxc5 21. Qd2 Nf8 22. Qd6 Qxd6 23. Rxd6 b4 24. axb4 Rxb4 25. Rc2 a5 26. Kf1 h5 27. Ke2 Ng6 28. f4 Nh4 29. g3 Ng6 30. Rd8+ Kh7 1/2-1/2

[Event "Manila Pichay Cup 6th"]
[Site "Manila"]
[Date "2010.08.23"]
[Round "4"]
[White "Yu, Lie"]
[Black "Elorta, David"]
[Result "1-0"]
[WhiteElo "2447"]
[BlackElo "2363"]
[PlyCount "59"]
[EventDate "2010.08.21"]
[EventType "swiss"]
[EventRounds "9"]
[EventCountry "PHI"]
[SourceTitle "CBM 138 Extra"]
[Source "ChessBase"]
[SourceDate "2010.10.29"]
[SourceVersion "1"]
[SourceVersionDate "2010.10.29"]
[SourceQuality "1"]

1. e4 c6 2. c4 d6 3. Nc3 e5 4. d4 Nf6 5. Nge2 Be7 6. g3 Be6 7. b3 0-0 8. Bg2 Qc8 9. h3 a5 10. f4 exd4 11. Nxd4 d5 12. e5 Bb4 13. Bd2 Bxc3 14. Bxc3 Ne4 15. Bxe4 dxe4 16. Nxe6 Qxe6 17. Qg4 Nd7 18. Qxe6 fxe6 19. Ke2 g5 20. Ke3 Nc5 21. Bd4 gxf4+ 22. gxf4 Nd3 23. Rhf1 Rfd8 24. Kxe4 Nb4 25. Rf2 Rd7 26. Rg1+ Rg7 27. Rxg7+ Kxg7 28. f5 Rf8 29. Rg2+ Kf7 30. Bc5 1-0